[Event "Quart de Poblet op 6th"]
[Site "Quart de Poblet"]
[Date "2018.09.01"]
[Round "7.10"]
[White "Gutierrez Marco, Dario"]
[Black "Capella Gimenez, Jose Manuel"]
[Result "0-1"]
[WhiteElo "1808"]
[BlackElo "1997"]
[PlyCount "94"]
[EventDate "2018.08.27"]
[EventType "swiss"]
[EventRounds "9"]
[EventCountry "ESP"]
[SourceTitle "EXT 2024"]
[Source "ChessBase"]
[SourceDate "2023.10.10"]
[SourceVersion "1"]
[SourceVersionDate "2023.10.10"]
[SourceQuality "1"]

1. e4 g6 2. d4 Bg7 3. Nc3 c6 4. f4 d5 5. e5 Nh6 6. Nf3 Bg4 7. Be3 e6 8. h3 Bxf3 9. Qxf3 Nf5 10. Bf2 Qb6 11. 0-0-0 Nd7 12. g4 Ne7 13. Bd3 c5 14. dxc5 Nxc5 15. Bb5+ Nc6 16. b4 Bf8 17. Qe2 a6 18. bxc5 Qa5 19. Bxc6+ bxc6 20. Qe3 Qa3+ 21. Kd2 d4 22. Qxd4 Rd8 23. Qxd8+ Kxd8 24. Ke2+ Kc7 25. Rd3 Qb4 26. Rhd1 Bxc5 27. Rd7+ Kc8 28. Bxc5 Qxc3 29. Ra7 Qxc2+ 30. Rd2 Qc4+ 31. Kd1 Qf1+ 32. Kc2 Qc4+ 33. Kd1 Qxc5 34. Ra8+ Kc7 35. Rxh8 Qe3 36. Rxh7 Qxf4 37. Re2 g5 38. Rh8 Qf1+ 39. Kd2 Qa1 40. Kd3 c5 41. h4 Qd4+ 42. Kc2 Qxg4 43. Rd2 Qe4+ 44. Kd1 Qxe5 45. Rhd8 gxh4 46. R8d7+ Kc6 47. Rxf7 Qh5+ 0-1